000
00316nam a22001217a 4500
999
_c
12886
_d
12886
020
_a
9789694481098
082
_a
330.03
100
_a
Hafiz Muhammad Yasin & Khan Atiq-uz-Zafar
245
_a
Fundamentals of Islamic Economics and Finance
260
_a
Pakistan
_b
IPS Press
_c
2019
300
_a
556 pages
942
_c
BK